[Event "SR 2. liga A 2004/2005"]
[Site "?"]
[Date "2005.01.22"]
[Round "7.6"]
[White "Kruppa, Dominik"]
[Black "Pribila, Michal"]
[Result "1/2-1/2"]
[WhiteElo "2029"]
[BlackElo "2058"]
[PlyCount "81"]
[EventDate "2004.??.??"]

1. d4 d5 2. c4 e6 3. Nc3 Nf6 4. Nf3 Be7 5. Bg5 O-O 6. e3 h6 7. Bxf6 Bxf6 8. Bd3
c6 9. O-O Nd7 10. Qc2 dxc4 11. Bxc4 e5 12. Rad1 exd4 13. Nxd4 Bxd4 14. Rxd4 Qe7
15. Rfd1 Nf6 16. Qd2 Bg4 17. f3 Be6 18. Bxe6 Qxe6 19. e4 Rfe8 20. f4 Re7 21. b3
Ne8 22. Rd7 Rc8 23. e5 f6 24. Rxe7 Qxe7 25. Qd4 fxe5 26. fxe5 b6 27. Ne4 Qe6
28. Qd7 Qxd7 29. Rxd7 Rc7 30. e6 Rc8 31. e7 Kf7 32. Rxa7 Ke6 33. Rb7 b5 34.
Nc5+ Kd6 35. Na6 Ra8 36. Nb8 c5 37. Rd7+ Ke6 38. Rd8 Kf7 39. Nc6 Rxa2 40. Rd5
c4 41. bxc4 1/2-1/2

[Event "SR 2. liga A 2004/2005"]
[Site "?"]
[Date "2005.01.22"]
[Round "7.6"]
[White "Machalova, Erika"]
[Black "Puobis, Jozef"]
[Result "1-0"]
[WhiteElo "2037"]
[BlackElo "2061"]
[PlyCount "71"]
[EventDate "2004.??.??"]

1. d4 d5 2. c4 e6 3. Nc3 Nf6 4. Bg5 Nbd7 5. e3 c6 6. Nf3 Qa5 7. Nd2 Bb4 8. Qc2
O-O 9. Be2 dxc4 10. Bxf6 Nxf6 11. Nxc4 Qg5 12. O-O Rd8 13. Rfd1 Bd6 14. Nxd6
Rxd6 15. Rac1 e5 16. dxe5 Rxd1+ 17. Rxd1 Bh3 18. Bf3 Nd7 19. Ne4 Qg6 20. Qd2
Re8 21. Ng3 Be6 22. Bh5 Qg5 23. f4 Qe7 24. f5 Bd5 25. e4 g6 26. Be2 Bxe4 27.
Nxe4 Qxe5 28. Nc3 Nb6 29. fxg6 hxg6 30. Qd4 Qxd4+ 31. Rxd4 Re7 32. Bf3 Kg7 33.
Kf2 g5 34. Ne4 f6 35. Nd6 Kg8 36. Re4 1-0

[Event "SR 2. liga A 2004/2005"]
[Site "?"]
[Date "2005.01.22"]
[Round "7.6"]
[White "Novak, Stanislav"]
[Black "Priam, Stefan"]
[Result "1/2-1/2"]
[WhiteElo "2055"]
[BlackElo "1802"]
[PlyCount "100"]
[EventDate "2004.??.??"]

1. e4 d6 2. d4 Nf6 3. Bd3 g6 4. f4 Bg7 5. Nf3 O-O 6. O-O c5 7. c3 cxd4 8. cxd4
Nc6 9. Nc3 Qb6 10. Na4 Qc7 11. Kh1 Bg4 12. Be3 Nd7 13. e5 dxe5 14. dxe5 Rad8
15. Qc2 Rb8 16. Be4 Rbc8 17. Qf2 b6 18. Qh4 Bxf3 19. Rxf3 f5 20. exf6 Nxf6 21.
Nc3 Nxe4 22. Nxe4 Qb7 23. Ng5 h6 24. Ne6 Rf6 25. f5 g5 26. Bxg5 hxg5 27. Qxg5
Rxe6 28. fxe6 Nd4 29. Rf7 Nxe6 30. Qg6 Rf8 31. Raf1 Qd5 32. b3 Rxf7 33. Qxf7+
Kh8 34. Qxe7 Nf4 35. Qh4+ Nh5 36. Re1 Kh7 37. Qe7 a5 38. Qh4 Kh6 39. Qg4 Be5
40. Qc8 Nf4 41. Qf8+ Kh7 42. Qf5+ Kg8 43. Qg5+ Kh7 44. h4 Nd3 45. Qf5+ Kh6 46.
Rf1 Qd4 47. Qg5+ Kh7 48. Qh5+ Kg8 49. Qf7+ Kh8 50. Qh5+ Kg8 1/2-1/2

[Event "SR 2. liga A 2004/2005"]
[Site "?"]
[Date "2005.01.22"]
[Round "7.6"]
[White "Sukuba, Zdeno"]
[Black "Syrovy, Ivan"]
[Result "1/2-1/2"]
[WhiteElo "2102"]
[BlackElo "2069"]
[PlyCount "63"]
[EventDate "2004.??.??"]
[TimeControl "240+2"]

{48MB, Fritz8.ctg, FRATRIC-A552EF0} 1. Nf3 Nf6 2. c4 d6 3. g3 c5 4. Bg2 Nc6 5.
O-O g6 6. d4 cxd4 7. Nxd4 Bd7 8. Nc3 Bg7 9. Nc2 O-O 10. b3 Rb8 11. Bb2 Qa5 12.
Nd5 Nxd5 13. Bxg7 Nc3 14. Bxc3 Qxc3 15. Ne3 Qe5 16. Rc1 Nd4 17. Qd2 Bc6 18.
Rfd1 Bxg2 19. Kxg2 Nc6 20. b4 Qe4+ 21. f3 Qe6 22. Nd5 Ne5 23. e4 Rbc8 24. Qd4
Nc6 25. Qe3 b6 26. a3 Ne5 27. Qd4 Rfe8 28. h3 Nc6 29. Qf2 Ne5 30. Qe2 Rc6 31.
f4 Nd7 32. Qf3 {Time 1:52-1:33} 1/2-1/2

[Event "SR 2. liga A 2004/2005"]
[Site "?"]
[Date "2005.01.22"]
[Round "7.6"]
[White "Sycova, Miroslava"]
[Black "Puchart, Vladimir"]
[Result "1/2-1/2"]
[WhiteElo "2070"]
[BlackElo "2085"]
[PlyCount "68"]
[EventDate "2004.??.??"]

1. e4 c5 2. Nc3 Nc6 3. f4 g6 4. Nf3 Bg7 5. Bb5 Nd4 6. Nxd4 cxd4 7. Ne2 e6 8.
Bc4 Ne7 9. d3 O-O 10. Ng3 d6 11. O-O Kh8 12. Bd2 Bd7 13. Qe1 Qc7 14. Kh1 Rae8
15. Rc1 Bc6 16. c3 d5 17. Bb3 dxe4 18. dxe4 Qb6 19. cxd4 Bxd4 20. Bc3 Kg8 21.
Bxd4 Qxd4 22. Qe2 Rd8 23. f5 exf5 24. exf5 Qd2 25. Rc2 Qxe2 26. Rxe2 Nxf5 27.
Nxf5 gxf5 28. Rxf5 Rde8 29. Rxe8 Bxe8 30. Kg1 Kg7 31. Bd5 b6 32. Kf2 Bd7 33.
Re5 Kf6 34. Re3 Bf5 1/2-1/2

[Event "SR 2. liga A 2004/2005"]
[Site "?"]
[Date "2005.01.22"]
[Round "7.7"]
[White "Ac, Alexander"]
[Black "Mandak, Miroslav"]
[Result "1/2-1/2"]
[WhiteElo "2088"]
[BlackElo "2051"]
[PlyCount "117"]
[EventDate "2004.??.??"]
[TimeControl "240+2"]

{48MB, Fritz8.ctg, FRATRIC-A552EF0} 1. e4 e5 2. Nf3 Nc6 3. Bb5 a6 4. Ba4 Nf6 5.
O-O Be7 6. Re1 b5 7. Bb3 d6 8. h3 Na5 9. c3 Nxb3 10. axb3 Bb7 11. d3 O-O 12. c4
Nd7 13. Nc3 c6 14. Qd2 Nc5 15. Qc2 Ne6 16. g4 Qd7 17. Ne2 f6 18. Ng3 g6 19. Bh6
Rfe8 20. Be3 d5 21. Rad1 Bb4 22. Rf1 Qe7 23. Nd2 Bc5 24. Nf3 Rac8 25. Kg2 Red8
26. Ne2 Rc7 27. Rc1 Bxe3 28. fxe3 dxe4 29. dxe4 Rcd7 30. Rcd1 b4 31. Rxd7 Rxd7
32. Rd1 c5 33. Ng3 Qd8 34. Rxd7 Qxd7 35. Qd2 Qf7 36. Qd6 Kg7 37. g5 Nxg5 38.
Nxg5 fxg5 39. Qxe5+ Kh6 40. Qxc5 Qe8 41. Kf3 Qf7+ 42. Ke2 a5 43. Qxa5 Bc8 44.
Qxb4 Bxh3 45. Qd6 Bg4+ 46. Kd3 Qf2 47. Qe5 Bd1 48. c5 Qc2+ 49. Kd4 Qxb2+ 50.
Kd5 Bxb3+ 51. Kd6 Qd2+ 52. Ke7 Qa5 53. Nf5+ gxf5 54. Qh2+ Kg7 55. Qe5+ Kh6 56.
Qd6+ Kh5 57. c6 Qc3 58. e5 Bc4 59. c7 {Time 2:59-2:58} 1/2-1/2

[Event "SR 2. liga A 2004/2005"]
[Site "?"]
[Date "2005.01.22"]
[Round "7.7"]
[White "Galan, Anton"]
[Black "Isa, Vlastimil"]
[Result "0-1"]
[WhiteElo "1917"]
[BlackElo "1986"]
[PlyCount "60"]
[EventDate "2004.??.??"]

1. e4 c5 2. Nf3 Nc6 3. d4 cxd4 4. Nxd4 Nf6 5. Nc3 e5 6. Ndb5 d6 7. Nd5 Nxd5 8.
exd5 Nb8 9. Bd3 Be7 10. O-O a6 11. Nc3 O-O 12. Be3 f5 13. f3 Nd7 14. a4 Qa5 15.
Qb1 Nf6 16. b4 Qc7 17. Qb3 Bd7 18. Rfc1 Rae8 19. Re1 Kh8 20. Rac1 Rc8 21. Bd2
Nh5 22. Nd1 Qd8 23. c4 Bg5 24. Ne3 Qb6 25. a5 Qd4 26. Qc3 Nf4 27. Bf1 Nxd5 28.
Qxd4 exd4 29. cxd5 dxe3 30. Bxe3 Bxe3+ 0-1

[Event "SR 2. liga A 2004/2005"]
[Site "?"]
[Date "2005.01.22"]
[Round "7.7"]
[White "Halasz, Michal"]
[Black "Deak, Gabriel"]
[Result "0-1"]
[WhiteElo "1883"]
[BlackElo "2052"]
[PlyCount "66"]
[EventDate "2004.??.??"]

1. d4 d5 2. c4 e6 3. Nc3 Nf6 4. Bg5 Nbd7 5. a3 c6 6. e3 h6 7. Bh4 Be7 8. Bd3
dxc4 9. Bxc4 e5 10. Nf3 exd4 11. Nxd4 Ne5 12. Ba2 O-O 13. h3 c5 14. Nc2 Nd3+
15. Ke2 Bf5 16. f3 Qb6 17. Bxf6 Nxb2 18. Qd5 Bd3+ 19. Kf2 Bxf6 20. Ne4 Bxc2 21.
Nxf6+ Qxf6 22. Qd2 Bg6 23. e4 Bxe4 24. Bb1 Bxb1 25. Raxb1 Nc4 26. Qd5 Qd4+ 27.
Qxd4 cxd4 28. Rhd1 Rfd8 29. Rb4 Nxa3 30. Rxb7 a5 31. Rb3 Nc4 32. Rdd3 a4 33.
Rb4 a3 0-1

[Event "SR 2. liga A 2004/2005"]
[Site "?"]
[Date "2005.01.22"]
[Round "7.7"]
[White "Kasanicky, Robert"]
[Black "Hanzluvka, Peter"]
[Result "1/2-1/2"]
[WhiteElo "2005"]
[BlackElo "2081"]
[PlyCount "55"]
[EventDate "2004.??.??"]

1. e4 c5 2. Nf3 Nc6 3. d4 cxd4 4. Nxd4 Nf6 5. Nc3 d6 6. Bc4 e6 7. Be3 Be7 8.
Bb3 a6 9. O-O O-O 10. f4 Qc7 11. Qf3 Bd7 12. f5 Nxd4 13. Bxd4 Rac8 14. fxe6
Bxe6 15. Nd5 Bxd5 16. exd5 Nd7 17. Qg3 Ne5 18. c3 Ng6 19. Rf5 Bh4 20. Qh3 Qd7
21. Raf1 Rce8 22. Bc2 Re2 23. Qd3 Qe7 24. g3 Bf6 25. Bxf6 gxf6 26. Rxf6 Re1 27.
h4 Re3 28. Qd4 1/2-1/2

[Event "SR 2. liga A 2004/2005"]
[Site "?"]
[Date "2005.01.22"]
[Round "7.7"]
[White "Rachela, Robert"]
[Black "Kleman, Miroslav"]
[Result "0-1"]
[WhiteElo "1849"]
[BlackElo "2142"]
[PlyCount "90"]
[EventDate "2004.??.??"]

1. e4 e5 2. Nf3 Nc6 3. Bb5 Nge7 4. O-O g6 5. d3 Bg7 6. c3 O-O 7. Re1 d6 8. Nbd2
h6 9. Nf1 f5 10. exf5 Bxf5 11. Ng3 Bg4 12. Re3 Kh8 13. h3 Bd7 14. Nh4 g5 15.
Nf3 Qe8 16. Re1 Qf7 17. Qd2 Be6 18. a3 Nd5 19. Qc2 Nf4 20. Bxf4 gxf4 21. Ne4
Qh5 22. Qe2 Qf7 23. Ba4 Rae8 24. Rad1 d5 25. Nc5 Bc8 26. Bb3 b6 27. Na4 Bb7 28.
Bc2 Nb8 29. b4 Nd7 30. Bb3 Qg6 31. Bc2 Bf6 32. Kh2 Re7 33. Bb1 Rg8 34. Rg1 e4
35. Nd4 Ne5 36. Nb2 c5 37. bxc5 bxc5 38. Nb5 Bh4 39. Kh1 a6 40. Na7 Qf5 41. Kh2
Reg7 42. dxe4 Rxg2+ 43. Rxg2 Rxg2+ 44. Kxg2 f3+ 45. Kh2 Qf4+ 0-1

[Event "SR 2. liga A 2004/2005"]
[Site "?"]
[Date "2005.01.22"]
[Round "7.8"]
[White "Cisar, Marian"]
[Black "Kolesar, Rastislav"]
[Result "0-1"]
[WhiteElo "1620"]
[BlackElo "865"]
[PlyCount "94"]
[EventDate "2004.??.??"]

1. e4 e5 2. Nf3 Nc6 3. Bc4 Bc5 4. c3 Nf6 5. d4 exd4 6. cxd4 Bb4+ 7. Bd2 Bxd2+
8. Nbxd2 d5 9. e5 dxc4 10. exf6 Qxf6 11. Nxc4 O-O 12. O-O Rd8 13. Re1 Bg4 14.
Nce5 Nxe5 15. Rxe5 Bxf3 16. Qxf3 Qxf3 17. gxf3 Rxd4 18. Rae1 Kf8 19. Re7 Rc8
20. R1e2 Rdd8 21. f4 Re8 22. R7e5 Rxe5 23. fxe5 Re8 24. f4 f6 25. Kf2 g5 26.
fxg5 Rxe5 27. Rxe5 fxe5 28. Kf3 Kf7 29. Ke4 Kg6 30. Kxe5 Kxg5 31. Ke6 Kh4 32.
Kd7 Kh3 33. Kxc7 b5 34. Kb7 Kxh2 35. b4 h5 36. Kxa7 h4 37. Kb6 h3 38. Kxb5 Kg3
39. a4 h2 40. a5 h1=Q 41. a6 Qa8 42. Ka5 Kf4 43. b5 Ke5 44. Kb6 Kd6 45. a7 Kd7
46. Ka6 Kc7 47. b6+ Kc6 0-1

[Event "SR 2. liga A 2004/2005"]
[Site "?"]
[Date "2005.01.22"]
[Round "7.8"]
[White "Munk, Lubomir"]
[Black "Nagy, Marian"]
[Result "0-1"]
[WhiteElo "2040"]
[BlackElo "1561"]
[PlyCount "72"]
[EventDate "2004.??.??"]

1. c4 e5 2. Nc3 Nc6 3. g3 d6 4. Bg2 Bd7 5. Rb1 Qc8 6. b4 a6 7. a4 Nf6 8. d3 h6
9. Bd2 Be7 10. b5 axb5 11. axb5 Nd4 12. e3 Ne6 13. Nge2 Nc5 14. Bc1 Bf5 15. e4
Bh3 16. O-O Bxg2 17. Kxg2 O-O 18. h3 Qd7 19. f4 exf4 20. gxf4 c6 21. Rf3 Kh8
22. f5 Nh7 23. Nf4 Qd8 24. d4 Nd7 25. Rd3 Bf6 26. Bb2 Qe7 27. Ra1 Rxa1 28. Qxa1
Nb6 29. bxc6 Ra8 30. cxb7 Qxb7 31. Qc1 Nxc4 32. Nd1 Qxe4+ 33. Kg3 Nxb2 34. Nxb2
Bxd4 35. Qc4 Qe1+ 36. Kg4 Nf6+ 0-1

[Event "SR 2. liga A 2004/2005"]
[Site "?"]
[Date "2005.01.22"]
[Round "7.8"]
[White "Pericka, Tomas"]
[Black "Bilovsky, Milan"]
[Result "1-0"]
[WhiteElo "1930"]
[BlackElo "1875"]
[PlyCount "51"]
[EventDate "2004.??.??"]

1. e4 c5 2. Nf3 Nc6 3. d4 cxd4 4. Nxd4 e6 5. Nc3 Nf6 6. Be3 Be7 7. Be2 O-O 8.
f4 d6 9. O-O a6 10. Qd2 Nxd4 11. Bxd4 e5 12. Be3 Bd7 13. Rad1 Rc8 14. f5 Qc7
15. g4 Bb5 16. g5 Nxe4 17. Nxe4 d5 18. f6 dxe4 19. fxe7 Qxe7 20. Bxb5 axb5 21.
c3 Qe6 22. a3 Qb3 23. Rf2 Rc6 24. Qd5 Qa4 25. Rdf1 Qc4 26. Rxf7 1-0

[Event "SR 2. liga A 2004/2005"]
[Site "?"]
[Date "2005.01.22"]
[Round "7.8"]
[White "Povysil, Peter"]
[Black "Toth_Vano, Peter"]
[Result "1/2-1/2"]
[WhiteElo "2078"]
[BlackElo "2055"]
[PlyCount "53"]
[EventDate "2004.??.??"]
[TimeControl "240+2"]

{48MB, Fritz8.ctg, FRATRIC-A552EF0} 1. Nf3 Nf6 2. e3 d5 3. Be2 c5 4. d4 e6 5.
O-O Nbd7 6. c4 b6 7. cxd5 Nxd5 8. e4 N5f6 9. Nc3 Bb7 10. Bg5 Be7 11. d5 exd5
12. exd5 Nxd5 13. Nxd5 Bxg5 14. Nxg5 Qxg5 15. Ne3 O-O-O 16. Qa4 Rhe8 17. Ba6
Kb8 18. Bxb7 Kxb7 19. Rad1 Nb8 20. Rxd8 Qxd8 21. Rd1 Qe7 22. h3 Rd8 23. Rxd8
Qxd8 24. Qe4+ Nc6 25. Qxh7 Qd4 26. Qf5 Ne5 27. b3 1/2-1/2

[Event "SR 2. liga A 2004/2005"]
[Site "?"]
[Date "2005.01.22"]
[Round "7.8"]
[White "Slamena, Michal"]
[Black "Vyboch, Jozef"]
[Result "1-0"]
[WhiteElo "2089"]
[BlackElo "1983"]
[PlyCount "83"]
[EventDate "2004.??.??"]

1. e4 c5 2. Nf3 Nc6 3. d4 cxd4 4. Nxd4 Nf6 5. Nc3 e5 6. Ndb5 d6 7. Bg5 a6 8.
Bxf6 gxf6 9. Na3 b5 10. Nd5 Be6 11. Bd3 f5 12. Qh5 Bg7 13. O-O f4 14. c4 b4 15.
Nc2 a5 16. g3 Rb8 17. b3 Qd7 18. gxf4 Bg4 19. Qg5 Kf8 20. f5 Bh3 21. Rfe1 Rg8
22. Re3 Bh8 23. Qxg8+ Kxg8 24. Rg3+ Kf8 25. Rxh3 f6 26. Kh1 Qa7 27. Nce3 Rb7
28. Rg1 a4 29. Bc2 axb3 30. axb3 Nd4 31. Bd1 Rg7 32. Rhg3 Rxg3 33. hxg3 Qa3 34.
Kg2 Nxb3 35. Rh1 Kg8 36. Nc7 Nd4 37. Ned5 b3 38. Ne6 Nxe6 39. fxe6 Bg7 40. Bg4
Qa8 41. e7 Bf8 42. Nxf6+ 1-0

[Event "SR 2. liga A 2004/2005"]
[Site "?"]
[Date "2005.02.05"]
[Round "8.1"]
[White "Biro, Karol"]
[Black "Lesny, Stefan"]
[Result "1-0"]
[WhiteElo "2227"]
[BlackElo "2077"]
[PlyCount "75"]
[EventDate "2004.??.??"]

1. c4 e5 2. Nc3 Nf6 3. g3 d6 4. Bg2 c6 5. d4 Be7 6. e3 Nbd7 7. Nge2 Nb6 8. b3
exd4 9. exd4 d5 10. c5 Nbd7 11. O-O Nf8 12. Qc2 Bg4 13. Nf4 Ne6 14. Nxe6 Bxe6
15. Re1 O-O 16. Bf1 Re8 17. Bg5 Qd7 18. Bd3 g6 19. f3 Kg7 20. Re2 Ng8 21. Bf4
Bf6 22. Be5 Bxe5 23. Rxe5 f6 24. Re2 Bf7 25. Rae1 Rxe2 26. Rxe2 Re8 27. b4 Rxe2
28. Qxe2 Ne7 29. Qd2 Be6 30. Kf2 Bf5 31. Be2 Qc7 32. Nd1 b5 33. cxb6 axb6 34.
Qc3 Nc8 35. Ne3 Nd6 36. Nxd5 Qb7 37. Ne3 Be6 38. a4 1-0

[Event "SR 2. liga A 2004/2005"]
[Site "?"]
[Date "2005.02.05"]
[Round "8.1"]
[White "Bisco, Igor"]
[Black "Pivacek, Marek"]
[Result "1/2-1/2"]
[WhiteElo "2177"]
[BlackElo "1974"]
[PlyCount "53"]
[EventDate "2004.??.??"]

1. e4 e6 2. d4 d5 3. Nc3 dxe4 4. Nxe4 Nd7 5. Nf3 Ngf6 6. Nxf6+ Nxf6 7. Bd3 Be7
8. O-O O-O 9. c3 b6 10. Re1 Bb7 11. Bc2 Rc8 12. Qd3 c5 13. Bg5 g6 14. Bh6 Re8
15. Ne5 Qd5 16. Qh3 c4 17. Re3 Qd6 18. Rae1 Nd7 19. Bf4 Nxe5 20. Bxe5 Qd8 21.
Rg3 Bf6 22. Qh6 Bxe5 23. dxe5 Rc7 24. h4 Ree7 25. h5 Qf8 26. Qg5 Red7 27. Rg4
1/2-1/2

[Event "SR 2. liga A 2004/2005"]
[Site "?"]
[Date "2005.02.05"]
[Round "8.1"]
[White "Duriga, Stefan"]
[Black "Harasta, Vladimir"]
[Result "1/2-1/2"]
[WhiteElo "2252"]
[BlackElo "2155"]
[PlyCount "58"]
[EventDate "2004.??.??"]

1. d4 d5 2. Nf3 c6 3. e3 Bf5 4. c4 e6 5. Nc3 Nd7 6. cxd5 exd5 7. Bd3 Bxd3 8.
Qxd3 Ngf6 9. O-O Bd6 10. e4 dxe4 11. Nxe4 Nxe4 12. Qxe4+ Qe7 13. Qg4 O-O-O 14.
Re1 Qf8 15. d5 cxd5 16. Bf4 f6 17. Be3 Kb8 18. Qd4 Bc5 19. Qxd5 Bxe3 20. Rxe3
Ne5 21. Qe4 Nxf3+ 22. Qxf3 Qd6 23. Rae1 Rd7 24. h3 Rhd8 25. a3 Qd5 26. Qg3+ Qd6
27. Qg4 Qd4 28. Qg3+ Qd6 29. Qh4 Qd4 1/2-1/2

[Event "SR 2. liga A 2004/2005"]
[Site "?"]
[Date "2005.02.05"]
[Round "8.1"]
[White "Fraas, Martin"]
[Black "Smolen, Jan"]
[Result "1-0"]
[WhiteElo "2194"]
[BlackElo "2356"]
[PlyCount "60"]
[EventDate "2004.??.??"]

1. d4 Nf6 2. c4 g6 3. Nc3 d5 4. Nf3 Bg7 5. Bg5 Ne4 6. Bd2 c6 7. e3 O-O 8. Nxe4
dxe4 9. Ng5 e5 10. Nxe4 exd4 11. Qb3 Re8 12. f3 dxe3 13. Bc3 Bf5 14. Rd1 Qh4+
15. g3 Qe7 16. Bb4 Qe5 17. Bc3 Qe7 18. Bb4 c5 19. Bxc5 Qe5 20. Rd5 Qxb2 21.
Qxb2 Bxb2 22. Bxe3 Nc6 23. Kf2 Bxe4 24. fxe4 Rxe4 25. Bd3 Re6 26. Rb1 Ne5 27.
Be2 Bc3 28. Rb3 Ba5 29. Rxa5 Rae8 30. Rd5 a5 1-0

[Event "SR 2. liga A 2004/2005"]
[Site "?"]
[Date "2005.02.05"]
[Round "8.1"]
[White "Likavsky, Tomas"]
[Black "Matejovic, Juraj"]
[Result "1-0"]
[WhiteElo "2465"]
[BlackElo "2204"]
[PlyCount "67"]
[EventDate "2004.??.??"]

1. d4 Nf6 2. c4 g6 3. Nc3 Bg7 4. e4 d6 5. Nf3 O-O 6. Be2 e5 7. O-O exd4 8. Nxd4
Re8 9. f3 Nc6 10. Be3 Nh5 11. Qd2 f5 12. Nxc6 bxc6 13. c5 Be6 14. cxd6 cxd6 15.
Rad1 fxe4 16. fxe4 Be5 17. Bxh5 Qh4 18. Bf4 Qxh5 19. Bxe5 dxe5 20. Qe3 Rab8 21.
b3 Re7 22. Rd6 Rc8 23. Na4 Bf7 24. Nc5 Qg4 25. h3 Qh5 26. Kh2 Rec7 27. Rdf6 Re8
28. Qf3 Ree7 29. Qd3 Rc8 30. Qd6 Rce8 31. Qd2 Kg7 32. Rxc6 Bg8 33. Qd6 Rf7 34.
Rc7 {time} 1-0

[Event "SR 2. liga A 2004/2005"]
[Site "?"]
[Date "2005.02.05"]
[Round "8.1"]
[White "Rohacek, Miroslav"]
[Black "Drtina, Milan"]
[Result "1/2-1/2"]
[WhiteElo "2242"]
[BlackElo "2301"]
[PlyCount "85"]
[EventDate "2004.??.??"]

1. e4 e5 2. Nf3 Nc6 3. Nc3 g6 4. d4 exd4 5. Nd5 Bg7 6. Bg5 Nce7 7. Nxd4 c6 8.
Nc3 h6 9. Be3 Nf6 10. Nf3 d5 11. exd5 Nfxd5 12. Nxd5 Nxd5 13. Bd4 O-O 14. Bxg7
Kxg7 15. Qd4+ Qf6 16. O-O-O Re8 17. g3 Qxd4 18. Rxd4 Bf5 19. Bd3 Bxd3 20. Rxd3
Re2 21. Rd2 Rae8 22. Rhd1 f5 23. Rxe2 Rxe2 24. Rd2 Re7 25. Kd1 g5 26. Re2 Rd7
27. Rd2 Kf6 28. c4 Nb6 29. b3 f4 30. g4 h5 31. h3 hxg4 32. hxg4 c5 33. Kc2
Rxd2+ 34. Nxd2 Nd7 35. f3 Ne5 36. Kc3 b6 37. b4 cxb4+ 38. Kxb4 a6 39. a4 Nd3+
40. Kc3 Nc5 41. Kb4 Nd3+ 42. Kc3 Nc5 43. Kb4 1/2-1/2

[Event "SR 2. liga A 2004/2005"]
[Site "?"]
[Date "2005.02.05"]
[Round "8.2"]
[White "Bezuch, Martin"]
[Black "Eged, Igor"]
[Result "1-0"]
[WhiteElo "2190"]
[BlackElo "2107"]
[PlyCount "74"]
[EventDate "2004.??.??"]

1. e4 e6 2. d4 d5 3. Nc3 Nf6 4. Bg5 Be7 5. e5 Nfd7 6. Bxe7 Qxe7 7. f4 a6 8. Nf3
c5 9. dxc5 Qxc5 10. Qd2 b5 11. O-O-O Nc6 12. Nd4 Nxd4 13. Qxd4 Qxd4 14. Rxd4
Rb8 15. Rb4 Rb7 16. Be2 Nb8 17. Rd4 Bd7 18. Bf3 b4 19. Ne2 Ke7 20. Re1 Rc8 21.
Kb1 Nc6 22. Rd2 Na5 23. b3 Bb5 24. Nd4 Nc6 25. f5 Nxd4 26. Rxd4 Rbc7 27. Bd1 a5
28. Rg4 Rg8 29. f6+ Kf8 30. Kb2 gxf6 31. Rxg8+ Kxg8 32. exf6 Ba6 33. Re3 h6 34.
Rg3+ Kf8 35. Rg7 Bb5 36. Rh7 Ke8 37. Bh5 Bf1 1-0

[Event "SR 2. liga A 2004/2005"]
[Site "?"]
[Date "2005.02.05"]
[Round "8.2"]
[White "Chovanec, Vladimir"]
[Black "Meszaros, Michal"]
[Result "1/2-1/2"]
[WhiteElo "2077"]
[BlackElo "2347"]
[PlyCount "132"]
[EventDate "2004.??.??"]

1. Nf3 g6 2. g3 Bg7 3. Bg2 c5 4. O-O Nc6 5. e4 Nf6 6. Re1 O-O 7. c3 d5 8. e5
Ne8 9. d4 cxd4 10. cxd4 Bf5 11. Qb3 Na5 12. Qa4 a6 13. b4 Nc4 14. Nbd2 b5 15.
Qb3 a5 16. a4 axb4 17. Qxb4 Nc7 18. Nxc4 bxc4 19. Ba3 Re8 20. Nd2 Qd7 21. Nxc4
dxc4 22. Bxa8 Rxa8 23. Qxe7 Rxa4 24. Qxd7 Bxd7 25. Bd6 Ne8 26. Rxa4 Bxa4 27.
Ra1 Bc6 28. Ra6 Bd5 29. Ra5 Bb7 30. Ra7 Bc6 31. Ra6 Be4 32. Ra4 Nxd6 33. exd6
Kf8 34. Rxc4 Bf5 35. Rb4 Ke8 36. Rb8+ Kd7 37. Rb7+ Ke8 38. Rb8+ Kd7 39. Rb7+
Kxd6 40. Rxf7 Bxd4 41. Rxh7 Ke6 42. Rb7 g5 43. h4 gxh4 44. gxh4 Kf6 45. Rb4 Be5
46. Kg2 Kg6 47. Rb6+ Kg7 48. h5 Bd4 49. Rb4 Bf6 50. Kg3 Bc3 51. Rb3 Bd4 52. f4
Kh6 53. Rb5 Bc2 54. Rd5 Bc3 55. Kg4 Bb4 56. Rd8 Be7 57. Rd7 Bb4 58. f5 Bb3 59.
Rd3 Bf7 60. Rh3 Be7 61. Rh1 Bg5 62. Rh3 Bc4 63. Rh2 Bb3 64. Rh1 Bf7 65. Rh3 Bf6
66. Kf4 Bxh5 1/2-1/2

[Event "SR 2. liga A 2004/2005"]
[Site "?"]
[Date "2005.02.05"]
[Round "8.2"]
[White "Felcir, Jaroslav"]
[Black "Machalova, Maria"]
[Result "1-0"]
[WhiteElo "2208"]
[BlackElo "2137"]
[PlyCount "47"]
[EventDate "2004.??.??"]

1. e4 c5 2. Nf3 Nc6 3. Nc3 g6 4. d4 cxd4 5. Nxd4 Bg7 6. Be3 Nf6 7. Nxc6 bxc6 8.
e5 Nd5 9. Nxd5 cxd5 10. Qxd5 Rb8 11. Bc4 e6 12. Qc5 Bf8 13. Qxa7 Rxb2 14. Bb3
Bb4+ 15. Bd2 Bxd2+ 16. Kxd2 Qg5+ 17. Qe3 Qxg2 18. Qc5 Bb7 19. Rhg1 Qxh2 20. Kc3
Rxb3+ 21. axb3 Bc6 22. b4 Qf4 23. Rgd1 f6 24. Ra8+ 1-0

[Event "SR 2. liga A 2004/2005"]
[Site "?"]
[Date "2005.02.05"]
[Round "8.2"]
[White "Horak, Ivan"]
[Black "Tepper, Frantisek"]
[Result "1/2-1/2"]
[WhiteElo "2177"]
[BlackElo "2228"]
[PlyCount "46"]
[EventDate "2004.??.??"]

1. e4 Nf6 2. e5 Nd5 3. d4 d6 4. Nf3 Bg4 5. Be2 c6 6. Ng5 Bf5 7. e6 Bxe6 8. Nxe6
fxe6 9. Bg4 Nc7 10. Qe2 Nd7 11. O-O e5 12. dxe5 Nxe5 13. Bh3 e6 14. f4 Nf7 15.
Bxe6 Nxe6 16. Qxe6+ Be7 17. Re1 Qd7 18. Qe2 Kd8 19. Bd2 Re8 20. Qh5 Nh6 21.
Qa5+ Qc7 22. Na3 Qxa5 23. Bxa5+ Kd7 1/2-1/2

[Event "SR 2. liga A 2004/2005"]
[Site "?"]
[Date "2005.02.05"]
[Round "8.2"]
[White "Marko, Vladimir"]
[Black "Skreno, Vladimir"]
[Result "0-1"]
[WhiteElo "2177"]
[BlackElo "2037"]
[PlyCount "72"]
[EventDate "2004.??.??"]

1. f4 d5 2. Nf3 g6 3. e3 Bg7 4. d4 Nf6 5. Bd3 c6 6. O-O e6 7. c3 O-O 8. Nbd2
Qc7 9. e4 dxe4 10. Nxe4 Nxe4 11. Bxe4 c5 12. Be3 Nd7 13. Qc2 cxd4 14. Nxd4 a6
15. g4 e5 16. Ne2 exf4 17. Nxf4 Nf6 18. g5 Nxe4 19. Qxe4 Bf5 20. Qf3 Rad8 21.
Nh5 Be5 22. Nf6+ Kg7 23. Qg2 Qc8 24. Rf3 Rd3 25. Raf1 Rfd8 26. h4 Rd1 27. Qe2
Rxf1+ 28. Qxf1 Qe6 29. Bf4 Bxf4 30. Rxf4 Qe3+ 31. Kh1 Rd2 32. Qf3 Qe1+ 33. Qf1
Qg3 34. Ng4 Qxh4+ 35. Kg1 Qxg5 36. Qf3 h5 0-1

[Event "SR 2. liga A 2004/2005"]
[Site "?"]
[Date "2005.02.05"]
[Round "8.2"]
[White "Obdrzalkova, Anita"]
[Black "Rovnak, Peter"]
[Result "1-0"]
[WhiteElo "2137"]
[BlackElo "2135"]
[PlyCount "69"]
[EventDate "2004.??.??"]

1. d4 Nf6 2. c4 g6 3. Nc3 Bg7 4. Nf3 O-O 5. g3 d5 6. cxd5 Nxd5 7. Bg2 c5 8. e4
Nxc3 9. bxc3 Bg4 10. Be3 Nc6 11. e5 Qa5 12. O-O Qxc3 13. Rc1 Qa3 14. Rxc5 Qxa2
15. Qb1 Qa6 16. Nd2 Rac8 17. Qb2 Na5 18. Ra1 b6 19. Bf1 Be2 20. Rxc8 Rxc8 21.
Bh3 Rc7 22. Bf4 e6 23. Ne4 Bf3 24. Nf6+ Bxf6 25. exf6 Rc6 26. Bf1 Qc8 27. Qa3
Bd5 28. Bh6 a6 29. Bxa6 Qa8 30. Qe7 Nb3 31. Ra3 Rc8 32. Bxc8 Qxc8 33. Ra7 e5
34. Rd7 Be6 35. Rd8+ 1-0

[Event "SR 2. liga A 2004/2005"]
[Site "?"]
[Date "2005.02.05"]
[Round "8.3"]
[White "Cambel, Vladimir"]
[Black "Kralovic, Andrej"]
[Result "0-1"]
[WhiteElo "2060"]
[BlackElo "2062"]
[PlyCount "128"]
[EventDate "2004.??.??"]

1. Nf3 Nf6 2. c4 c5 3. Nc3 e6 4. e4 Nc6 5. d4 cxd4 6. Nxd4 Bb4 7. Nxc6 bxc6 8.
Bd3 d5 9. cxd5 exd5 10. Qa4 Qb6 11. e5 Nd7 12. O-O Nc5 13. Qc2 Nxd3 14. Qxd3
Ba6 15. Qg3 Bxf1 16. Qxg7 O-O-O 17. Kxf1 d4 18. Ne4 Qb5+ 19. Kg1 Qe2 20. Ng3
Qe1+ 21. Nf1 d3 22. Qf6 Kc7 23. Qxf7+ Rd7 24. Qf4 d2 25. e6+ Bd6 26. Qa4 Kb8
27. Bxd2 Qxa1 28. exd7 Qxb2 29. Bf4 Bxf4 30. Qxf4+ Kb7 31. Qd6 Rd8 32. Qe7 Qb6
33. Qxh7 Qc7 34. Qb1+ Ka8 35. g3 Qxd7 36. Ne3 Rb8 37. Qe4 Qb7 38. Kg2 c5 39.
Qxb7+ Kxb7 40. h4 Kc6 41. g4 Kd6 42. h5 Ke5 43. Kg3 Rc8 44. g5 c4 45. h6 c3 46.
f4+ Ke4 47. Nc2 Kf5 48. Kf3 Rd8 49. Ne3+ Kg6 50. Kg4 Rd4 51. a3 a5 52. Nc2 Rd2
53. f5+ Kh7 54. Ne3 c2 55. Nxc2 Rxc2 56. Kh5 Rh2+ 57. Kg4 Ra2 58. Kh5 Rh2+ 59.
Kg4 a4 60. Kf4 Rh3 61. Ke5 Rxa3 62. Kf6 Rg3 63. g6+ Kxh6 64. Kf7 a3 0-1